000
00203 a2200085 4500
999
_c
211267
_d
211267
020
_a
9781633694897
100
_a
Kim Chan W.
245
_a
BI Blue Ocean Leadership: Circumference
260
_b
Mark ward
_c
2018